[Event "ESP-chT Primera Division 2019"]
[Site "Linares"]
[Date "2019.08.26"]
[Round "1.19"]
[White "Alonso Alvarez, Aitor"]
[Black "Kokarev, Dmitry"]
[Result "1/2-1/2"]
[WhiteElo "2305"]
[BlackElo "2598"]
[Annotator "ChessBase"]
[PlyCount "79"]
[EventDate "2019.08.26"]
[EventType "team-tourn"]
[EventCountry "ESP"]
[SourceTitle "playchess.com"]
[Source "ChessBase"]
[SourceQuality "1"]
[TimeControl "5400+30"]

1. Nf3 {[%emt 0:00:00]} c5 {[%emt 0:00:36]} 2. g3 {[%emt 0:00:00]} g6 {[%emt 0:00:20]} 3. Bg2 {[%emt 0:00:01]} Bg7 {[%emt 0:00:12]} 4. d4 {[%emt 0:03:39]} cxd4 {[%emt 0:00:16]} 5. Nxd4 {[%emt 0:00:08]} Nc6 {[%emt 0:00:11]} 6. Nb3 {[%emt 0:00:25]} d6 {[%emt 0:00:14]} 7. O-O {[%emt 0:00:56]} Be6 {[%emt 0:00:12]} 8. Nc3 {[%emt 0:01:23]} Bxc3 {[%emt 0:01:17]} 9. bxc3 {[%emt 0:00:31]} Nf6 {[%emt 0:00:10]} 10. Bh6 {[%emt 0:13:06]} Ng4 {[%emt 0:03:32]} 11. Bf4 {[%emt 0:09:26]} Qd7 {[%emt 0:03:41]} 12. Nd4 {[%emt 0:04:24]} O-O {[%emt 0:04:45]} 13. Nxe6 {[%emt 0:07:34]} Qxe6 {[%emt 0:01:47]} 14. Rb1 {[%emt 0:31:35]} Rab8 {[%emt 0:01:41]} 15. Bd5 {[%emt 0:01:19]} Qd7 {[%emt 0:01:44]} 16. c4 {[%emt 0:00:39]} b6 {[%emt 0:02:44]} 17. Bg5 {[%emt 0:00:28]} Rbc8 {[%emt 0:06:32]} 18. Qd2 {[%emt 0:07:13]} Nce5 {[%emt 0:12:32]} 19. f3 {[%emt 0:12:23]} Nf6 {[%emt 0:01:45]} 20. Bxf6 {[%emt 0:00:02]} exf6 {[%emt 0:00:07]} 21. Qd4 {[%emt 0:02:42]} Qc7 {[%emt 0:00:34]} 22. Rb4 {[%emt 0:00:03]} Qc5 {[%emt 0:03:03]} 23. Qxc5 {[%emt 0:00:01]} Rxc5 {[%emt 0:00:07]} 24. f4 {[%emt 0:01:02]} Ng4 {[%emt 0:02:51]} 25. Rf3 {[%emt 0:00:43]} Re8 {[%emt 0:00:10]} 26. e4 {[%emt 0:01:02]} f5 {[%emt 0:00:11]} 27. exf5 {[%emt 0:01:18]} gxf5 {[%emt 0:03:57]} 28. Ra4 {[%emt 0:01:13]} Re1+ {[%emt 0:03:05]} 29. Rf1 {[%emt 0:00:01]} Rxf1+ {[%emt 0:01:38]} 30. Kxf1 {[%emt 0:00:01]} Ne3+ {[%emt 0:00:13]} 31. Ke2 {[%emt 0:01:21]} Nxd5 {[%emt 0:00:10]} 32. cxd5 {[%emt 0:00:04]} Rxc2+ {[%emt 0:00:08]} 33. Kd3 {[%emt 0:00:29]} Rc7 {[%emt 0:00:06]} 34. Rc4 {[%emt 0:01:01]} Rxc4 {[%emt 0:01:57]} 35. Kxc4 {[%emt 0:00:01]} a6 {[%emt 0:00:08]} 36. a4 {[%emt 0:00:16]} Kg7 {[%emt 0:00:47]} 37. Kb4 {[%emt 0:00:08]} h5 {[%emt 0:00:51]} 38. h4 {[%emt 0:00:09]} Kf6 {[%emt 0:00:09]} 39. a5 {[%emt 0:00:07]} b5 {[%emt 0:00:10]} 40. Kc3 {[%emt 0:00:11] Ke5} 1/2-1/2

[Event "ESP-chT Primera Division 2019"]
[Site "Linares"]
[Date "2019.08.26"]
[Round "1.20"]
[White "Volkov, Sergey"]
[Black "Andres Gonzalez, Ivan"]
[Result "1-0"]
[WhiteElo "2547"]
[BlackElo "2284"]
[Annotator "TA"]
[PlyCount "95"]
[EventDate "2019.08.26"]
[EventType "team-tourn"]
[EventCountry "ESP"]
[SourceTitle "playchess.com"]
[Source "ChessBase"]
[SourceQuality "1"]

{[%evp 18,95,0,-22,-21,-32,-13,-23,21,7,27,8,20,8,17,8,12,15,31,25,17,21,17,21,26,39,43,25,37,41,65,54,40,40,40,40,40,42,85,91,74,64,112,112,112,111,111,111,162,160,188,181,212,213,231,212,261,262,291,342,339,336,325,304,285,251,366,345,366,366,362,354,413,313,544,470,1342,887,29987,29974]} 1. d4 d5 2. c4 e6 3. Nc3 Nf6 4. cxd5 Nxd5 5. e4 Nxc3 6. bxc3 c5 7. a3 Be7 8. Nf3 O-O 9. Bc4 Nc6 10. O-O b6 {D40: Queen's Gambit Declined: Semi-Tarrasch with 5 e3} (10... cxd4 11. cxd4 Bf6 12. Bb2 g6 13. Qe2 Qe7 14. a4 a5 15. Ba3 Nb4 16. Rab1 Rd8 17. Rfd1 Bd7 18. Bb5 Bg7 19. h4 {1-0 (33) Deviatkin,A (2508)-Notkin,M (2471) Moscow 2016}) 11. Qd3 Bb7 12. d5 $146 ({Predecessor:} 12. Bf4 Qc8 13. d5 exd5 14. Bxd5 Qg4 15. Bg3 Kh8 16. Qb5 Rac8 17. Ne5 Nxe5 18. Bxb7 {½-½ (55) Bisguier,A-Yepez,O Leipzig 1960}) 12... exd5 {Black has an edge.} 13. Bxd5 Qc7 14. c4 Bf6 15. Rb1 Rad8 16. g3 Rfe8 17. Bf4 Ne5 18. Rfd1 (18. Nxe5 {is interesting.} Bxd5 19. exd5 Bxe5 20. Bd2 Qd7 21. Rfe1) 18... Bxd5 19. exd5 Nxf3+ 20. Qxf3 Be5 21. Bxe5 Qxe5 22. a4 Qe4 23. Qc3 Qe5 24. Qxe5 Rxe5 25. Re1 Rxe1+ 26. Rxe1 $14 {[%mdl 4096] Endgame KR-KR} Kf8 27. Kf1 Rd6 28. Re2 h5 29. Ke1 g6 30. Kd2 Rd8 31. Kc3 Rd6 32. Kb3 a5 (32... Rf6 $16) 33. Kc3 Rd8 34. Kd3 Rd6 35. Ke4 Rf6 36. f4 Ke7 {[#]} 37. h3 $1 Rd6 {[#]} 38. g4 $1 {[%cal Rg4h5]} hxg4 39. hxg4 Rd8 40. Rb2 Rb8 41. g5 Kd6 (41... f6 {was called for.} 42. Kf3 Rf8) 42. f5 $18 Re8+ 43. Kf4 Kc7 44. Rh2 {Threatens to win with Rh7.} Kd6 45. Rh6 Rg8 $2 (45... Rf8 46. Rh7 (46. fxg6 fxg6+ 47. Ke4 Rg8 $14) 46... b5) 46. Rh7 Ke7 (46... Rf8 $142 47. Rg7 b5) 47. f6+ Ke8 48. Ke4 {Accuracy: White = 74%, Black = 39%.} 1-0

[Event "ESP-chT Primera Division 2019"]
[Site "Linares"]
[Date "2019.08.26"]
[Round "1.21"]
[White "Vergara Anton, Diego"]
[Black "Cuenca Jimenez, Jose Fernando"]
[Result "0-1"]
[WhiteElo "2128"]
[BlackElo "2515"]
[Annotator "TA"]
[PlyCount "164"]
[EventDate "2019.08.26"]
[EventType "team-tourn"]
[EventCountry "ESP"]
[SourceTitle "playchess.com"]
[Source "ChessBase"]
[SourceQuality "1"]

{[%evp 22,202,27,17,22,26,17,-20,2,0,0,0,0,-30,-20,-23,0,0,0,0,0,-5,0,0,0,0,0,0,0,0,0,0,0,0,20,15,10,12,19,0,18,0,0,0,0,0,27,10,10,6,13,7,14,14,18,18,10,15,11,0,0,0,0,0,0,0,0,0,0,0,0,0,0,0,0,0,0,0,0,0,0,-5,-5,-68,-43,-110,-110,-291,-280,-332,-329,-315,-308,-608,-567,-564,-540,-512,-499,-450,-405,-376,-41,-82,-45,-82,-82,-485,-426,-439,-432,-644,-629,-618,-543,-519,-495,-372,-8,-8,-8,-75,-8,-8,-8,-8,-8,-8,-8,-8,-8,-8,-8,-8,-8,-8,-8,-8,-8,-8,0,-8,0,-8,0,-111,0,-10,-17,-28,0,-721,-740,-6417,-2122,-579,-572,-562,-530,-426,-425,-318,0,0,0,0,8,8,8,8,8,-29976,-29978,-29978,-29979,-29980,-29981,-29981,-29982,-29982,-29983,-29985,-29986]} 1. d4 Nf6 2. Nf3 d5 3. g3 e6 4. Bg2 Be7 5. O-O O-O 6. c4 dxc4 7. Qc2 a6 8. a4 Bd7 9. Qxc4 Bc6 10. Bg5 Bd5 11. Qd3 c5 12. dxc5 Nbd7 {E05: Open Catalan: 5 Nf3 Be7} 13. Nc3 Nxc5 (13... Bc6 14. b4 a5 15. b5 Bxf3 16. Qxf3 Nxc5 17. Rfd1 Qb6 18. Be3 Rad8 19. h3 Rfe8 20. g4 {0-1 (40) Meier,G (2630)-Hammer,J (2630) chess.com INT 2017}) 14. Qd1 (14. Qe3 $5 {[%cal Rg5f6]}) 14... h6 $146 {The position is equal.} ({Predecessor:} 14... Rc8 15. Nxd5 Nxd5 16. Bxe7 Qxe7 17. Nd4 Rfd8 18. e3 a5 19. Qe2 Qf6 20. Qb5 {1-0 (42) Shannon,P (1955)-Ragan,A (1833) ICCF email 2013}) 15. Nxd5 Nxd5 16. Bxe7 Qxe7 17. e3 Rfd8 {Hoping for ...Nxe3!} 18. Qe2 Nb3 19. Ra3 Qb4 20. Qc2 Na5 21. Rc1 Nb6 (21... Nc6 {with more complications.} 22. Ne1 Qe7 23. Nd3 Rd7 24. Raa1 Ncb4) 22. Qc3 Qxc3 23. Raxc3 Nd5 24. Rd3 Rac8 25. Rcd1 Nc4 26. Rb3 Na5 27. Rbd3 Nc6 28. Nd4 Ncb4 29. R3d2 Rd7 30. Ne2 {Strongly threatening e4.} Rdc7 31. Nf4 {[%cal Rg2d5]} Nf6 32. Nd3 Nbd5 33. Nf4 {[%cal Rg2d5]} Nb6 34. b3 a5 35. Rd6 Nbd7 36. Nh5 Kf8 37. Nxf6 Nxf6 38. Rb6 Rc1 39. Rf1 Rxf1+ 40. Kxf1 $11 {[%mdl 4096] Endgame KRB-KRN} Rc1+ 41. Ke2 Rc2+ 42. Ke1 Nd7 43. Rxb7 Nc5 44. Rb8+ Ke7 45. Bf1 Rc1+ 46. Ke2 Rb1 47. Rb5 Nxb3 48. Bg2 Nc1+ 49. Kd2 Rxb5 $1 50. axb5 {KB-KN} Nb3+ 51. Kc3 Nc5 52. Kc4 (52. Kd4 $11 Kd6 53. Kc4) 52... Na4 53. e4 (53. Bc6 $15) 53... Kd6 $17 54. f4 $2 (54. Kb3 $17 {was worth a try.} Nb6 55. Bf3) 54... f6 $19 55. Bf1 Nb6+ 56. Kc3 e5 57. f5 $2 (57. h4 Kc5 58. Kb3) 57... Kc5 58. Bd3 Nc8 59. Kb3 Kd4 60. Bb1 {next Ka4 is good for White.} Nb6 61. Bc2 Ke3 $2 (61... Nc4 $19 {And now ...Nd6 would win.} 62. Ka4 Kc5) 62. Kc3 $15 Kf3 63. Kd3 Kg2 64. Ke2 $2 {[%mdl 8192]} (64. h4 $17 {nothing else works.}) 64... Kxh2 65. Kf2 a4 {[%cal Ba5a4,Ba4a3][%mdl 32]} 66. Bd1 (66. g4 $142 a3 67. Bb3) 66... a3 {( -> ...a2)} 67. Bb3 Kh3 68. Kf3 h5 69. Ba2 h4 $2 (69... Na4 $19 70. Bg8 Kh2) 70. gxh4 $11 Kxh4 71. Bb3 (71. Bf7 $11) 71... Kh3 (71... Kg5 $17) 72. Bf7 Na4 73. Be6 Kh2 74. Ke3 Kg2 75. Bc4 Nb6 76. Ba2 Kf1 77. Kd3 Kf2 78. Bb3 Kf3 79. Ba2 Kf4 80. Bb1 Kf3 81. Ba2 Kf2 82. Bb3 Kg3 {Played: Nb6-a4} 0-1

[Event "ESP-chT Primera Division 2019"]
[Site "Linares"]
[Date "2019.08.26"]
[Round "1.22"]
[White "Alshameary Puente, Ismael"]
[Black "Gonzalez Guedes, Iyan"]
[Result "1/2-1/2"]
[WhiteElo "2444"]
[BlackElo "2115"]
[Annotator "TA"]
[PlyCount "120"]
[EventDate "2019.08.26"]
[EventType "team-tourn"]
[EventCountry "ESP"]
[SourceTitle "playchess.com"]
[Source "ChessBase"]
[SourceQuality "1"]

{[%evp 17,120,40,53,43,47,33,48,0,30,34,49,29,29,4,4,5,7,0,0,0,3,-6,17,9,9,13,14,0,26,32,29,28,21,0,-10,-16,8,15,0,10,3,0,202,204,210,204,188,0,0,-255,-236,-254,-256,-235,-238,-247,-218,-297,-181,-181,-181,-181,-175,-183,-175,-391,-383,-353,-339,-271,-243,-246,-240,-238,-200,-194,-25,-424,-189,-390,-341,-1174,-1012,-1196,-270,-282,-286,-262,0,0,0,-376,0,-470,0,0,0,0,0,0,0,0,0,0,0]} 1. d4 Nf6 2. c4 g6 3. Nc3 Bg7 4. e4 d6 5. Nge2 O-O 6. Ng3 e5 7. d5 c6 8. Be2 cxd5 9. cxd5 Nbd7 10. Bg5 {E70: King's Indian: Miscellaneous lines with 4 e4, including 5 Nge2 and 5 Bd3 0-0 6 Nge2} (10. Be3 a5 11. O-O Nc5 12. f3 Bd7 13. Nh1 Qb8 14. a4 Rc8 15. Nf2 h5 16. Bb5 Kh7 17. Nd3 b6 18. Nxc5 bxc5 {1-0 (42) Bologan,V (2640)-Kozul,Z (2613) Doha 2016}) 10... a5 11. h4 Nc5 12. Qd2 $146 {White is slightly better.} ({Predecessor:} 12. Qc2 Bd7 13. h5 a4 14. h6 Bh8 15. O-O Qb6 16. Rab1 Rfc8 17. Rfc1 Ng4 18. Rf1 {0-1 (39) Forintos,G (2400)-Szuk,B (2340) Hungary 1998}) 12... Bd7 13. h5 b5 14. h6 Bh8 15. f3 Qb6 16. Nd1 Rfc8 17. Be3 Ne8 18. Nf2 Bf6 19. Nd3 (19. Rc1 {is interesting.} Qd8 20. Bd1 a4 21. Ne2 Be7 22. g4) 19... Nxd3+ 20. Bxd3 Qb7 21. O-O b4 22. a4 Nc7 23. Kh1 Na6 24. Bg5 $36 {[%mdl 2048] White has some pressure.} Bh8 $1 (24... Bxg5 $2 25. Qxg5 Nc7 26. Nh5 $18) 25. Be7 Nc5 $1 {[%cal Rc5d3]} 26. Be2 f6 ({Much worse is} 26... Nb3 27. Qg5 $16) (26... Bb5 $5 27. Qg5 $8 (27. Bxb5 $2 Qxe7 28. Qf2 Qh4+ 29. Kg1 Qxh6 $19) (27. Bxd6 $2 Nb3 $19 {[%mdl 64] Double Attack}) 27... f6 28. Bxf6 Bxf6 29. Qxf6 Bxe2 30. Nxe2 Qd7 $11) 27. Bxd6 Nb3 {[%mdl 64] Double Attack} 28. Qe3 $1 {[%cal Re3b3]} Nxa1 29. Rxa1 Bxa4 $2 (29... Qa7 $11 30. Qg1 Qxg1+ 31. Kxg1 Ra7) 30. Rxa4 $18 {Ra1 is the strong threat.} Qd7 31. Qb6 $1 Qxa4 32. Bb5 $2 (32. Bc7 $1 $18 {Intending Qe6+ and mate.} Rf8 33. d6) 32... Qd1+ $11 33. Kh2 $2 {[%mdl 8192]} (33. Nf1 $1 $11 Qc1 34. Kg1 Qxh6 35. Bc6) 33... Qd2 $19 34. Bc6 Qxh6+ 35. Kg1 Bg7 36. Nf1 Qc1 37. b3 Qd1 38. Bxa8 Rxa8 39. Qc6 Qd4+ 40. Kh2 Qa7 $1 {[%cal Ra7a6] And now ...Qa6 would win.} 41. Ne3 $2 (41. Be7 {was forced.} Qa6 42. Qd7) 41... Qa6 42. Qd7 Qc8 43. Qa4 f5 44. Nc4 {intending Nb6.} Qd8 45. Qc6 Rc8 46. Qa6 fxe4 $2 {[#]} (46... Bf6 $19 {Threatens to win with ...a4!} 47. Qxa5 Qxa5 48. Nxa5 fxe4 49. fxe4 Rc3 50. Bxb4 Re3) 47. fxe4 $2 {[%mdl 8192]} (47. Be7 $1 $11 {[%mdl 512]} Qxe7 48. Qxc8+ Bf8 49. fxe4) 47... Bf6 (47... Qh4+ $142 48. Kg1 Qg4 49. Qxa5 Qxe4) 48. g3 $2 {[#]} (48. Qxa5 Qxa5 49. Nxa5) 48... a4 $1 49. Bxe5 $2 (49. Bxb4 axb3 50. Bc3) (49. Qxa4 Rxc4) 49... Bxe5 50. Qe6+ Kf8 $2 (50... Kg7 51. Qxe5+ Qf6 52. Qxf6+ Kxf6 53. e5+ Kg7) 51. Qxe5 {[%mdl 4096] Endgame Black must now prevent Qh8+. KQR-KQN} Kg8 {Hoping for ...Qd7.} 52. d6 axb3 $2 (52... Qd7 $19 53. bxa4 b3) 53. Qd5+ $11 Kg7 {aiming for ...b2!} 54. Qb7+ $2 {[%mdl 8192]} (54. d7 $11 Rxc4 55. Qe5+ Kf8 56. Qd6+ Kg7 57. Qe5+ Kf7 58. Qd5+ Kf6 59. Qd6+ Kf7 60. Qd5+ Kg7 61. Qe5+) 54... Kh6 $2 (54... Kh8 $1 $19 55. Qxb4 Qf6) 55. Qxb4 $2 {[%mdl 8192] [#]} (55. Ne5 $1 $11 {and White has nothing to worry.} Rb8 56. Qd5 (56. Nf7+ Kg7 $11)) 55... Rxc4 $2 (55... b2 $1 $19 56. Na3 {[#]} (56. Qxb2 Rxc4) 56... b1=N $1 {[%mdl 576] Deflection} 57. Qxb1 Qxd6) 56. Qxc4 {White wants to play e5.The position is equal.} Qxd6 57. Qxb3 {KQ-KQ} Qe5 58. Qb7 Qh5+ 59. Kg2 Qe2+ 60. Kg1 Qe1+ {Accuracy: White = 47%, Black = 62%.} 1/2-1/2

[Event "ESP-chT Primera Division 2019"]
[Site "Linares"]
[Date "2019.08.26"]
[Round "1.23"]
[White "Badillo Ramos, Steve"]
[Black "Cori T., Deysi"]
[Result "1/2-1/2"]
[WhiteElo "1967"]
[BlackElo "2400"]
[Annotator "NA"]
[PlyCount "70"]
[EventDate "2019.08.26"]
[EventType "team-tourn"]
[EventCountry "ESP"]
[SourceTitle "playchess.com"]
[Source "ChessBase"]
[SourceQuality "1"]
[TimeControl "5400+30"]

1. e4 {[%emt 0:00:00]} c5 {[%emt 0:00:00]} 2. Nf3 {[%emt 0:00:00]} e6 {[%emt 0:00:00]} 3. c4 {[%emt 0:00:00]} Nc6 {[%emt 0:01:07]} 4. Nc3 {[%emt 0:00:00]} Nge7 {[%emt 0:01:52]} 5. d4 {[%emt 0:04:03]} Nxd4 {[%emt 0:02:37]} 6. Nxd4 {[%emt 0:00:23]} cxd4 {[%emt 0:00:02]} 7. Qxd4 {[%emt 0:13:09]} Nc6 {[%emt 0:00:01]} 8. Qd3 {[%emt 0:00:47]} a6 {[%emt 0:04:54]} 9. Be2 {[%emt 0:00:40]} Qc7 {[%emt 0:05:49]} 10. O-O {[%emt 0:01:01]} Bc5 {[%emt 0:07:40]} 11. Kh1 {[%emt 0:09:12]} b6 {[%emt 0:09:51]} 12. a3 {[%emt 0:06:25]} Bb7 {[%emt 0:05:31]} 13. b4 {[%emt 0:02:19]} Ne5 {[%emt 0:03:12]} 14. Bf4 {[%emt 0:06:55]} Nxd3 {[%emt 0:05:23]} 15. Bxc7 {[%emt 0:00:06]} Nxf2+ {[%emt 0:00:38]} 16. Kg1 {[%emt 0:00:02]} Nh3+ {[%emt 0:00:59]} 17. Kh1 {[%emt 0:00:07]} Bd4 {[%emt 0:01:26]} 18. gxh3 {[%emt 0:02:43]} Rc8 {[%emt 0:09:26]} 19. Rad1 {[%emt 0:00:56]} Bxc3 {[%emt 0:01:07]} 20. Bxb6 {[%emt 0:00:08]} Bxe4+ {[%emt 0:01:45]} 21. Bf3 {[%emt 0:03:36]} f5 {[%emt 0:04:48]} 22. Bc5 {[%emt 0:02:14]} Bc2 {[%emt 0:13:51]} 23. Rd6 {[%emt 0:02:33]} Bf6 {[%emt 0:09:34]} 24. Rc1 {[%emt 0:04:50]} Be4 {[%emt 0:04:38]} 25. Bxe4 {[%emt 0:00:26]} fxe4 {[%emt 0:00:01]} 26. Rxa6 {[%emt 0:04:14]} Be7 {[%emt 0:00:35]} 27. Bxe7 {[%emt 0:11:09]} Kxe7 {[%emt 0:00:01]} 28. c5 {[%emt 0:00:09]} Rhf8 {[%emt 0:00:21]} 29. Re1 {[%emt 0:02:55]} Rf2 {[%emt 0:03:15]} 30. Rxe4 {[%emt 0:00:35]} Rcf8 {[%emt 0:00:07]} 31. Rg4 {[%emt 0:01:54]} g6 {[%emt 0:00:00]} 32. Rg2 {[%emt 0:01:06]} Rf1+ {[%emt 0:00:01]} 33. Rg1 {[%emt 0:00:06]} R1f2 {[%emt 0:00:06]} 34. Rg2 {[%emt 0:00:04]} Rf1+ {[%emt 0:00:36]} 35. Rg1 {[%emt 0:00:05]} R1f2 {[%emt 0:03:13]} 1/2-1/2

[Event "ESP-chT Primera Division 2019"]
[Site "Linares"]
[Date "2019.08.26"]
[Round "1.24"]
[White "Antunez Munoz, Ines"]
[Black "Bermudez Revuelta, Paula"]
[Result "1/2-1/2"]
[WhiteElo "1891"]
[BlackElo "1702"]
[Annotator "NA"]
[PlyCount "123"]
[EventDate "2019.08.26"]
[EventType "team-tourn"]
[EventCountry "ESP"]
[SourceTitle "playchess.com"]
[Source "ChessBase"]
[SourceQuality "1"]
[TimeControl "5400+30"]

1. e4 {[%emt 0:00:00]} c5 {[%emt 0:00:00]} 2. c3 {[%emt 0:00:11]} d5 {[%emt 0:00:00]} 3. exd5 {[%emt 0:00:14]} Qxd5 {[%emt 0:00:00]} 4. d4 {[%emt 0:00:16]} g6 {[%emt 0:00:00]} 5. Nf3 {[%emt 0:00:49]} Bg7 {[%emt 0:00:00]} 6. Na3 {[%emt 0:00:26]} cxd4 {[%emt 0:00:57]} 7. Bc4 {[%emt 0:01:52]} Qe4+ {[%emt 0:00:14]} 8. Be3 {[%emt 0:01:24]} Nh6 {[%emt 0:00:15]} 9. cxd4 {[%emt 0:02:15]} O-O {[%emt 0:00:19]} 10. O-O {[%emt 0:03:45]} Bg4 {[%emt 0:02:01]} 11. Ng5 {[%emt 0:04:33]} Qxe3 {[%emt 0:06:49]} 12. fxe3 {[%emt 0:01:10]} Bxd1 {[%emt 0:00:07]} 13. Raxd1 {[%emt 0:00:07]} Nd7 {[%emt 0:11:24]} 14. Bb3 {[%emt 0:06:36]} Rac8 {[%emt 0:05:24]} 15. Nc4 {[%emt 0:05:16]} b5 {[%emt 0:06:41]} 16. Nd2 {[%emt 0:05:50]} a5 {[%emt 0:07:15]} 17. Rc1 {[%emt 0:12:43]} Rxc1 {[%emt 0:09:50]} 18. Rxc1 {[%emt 0:00:12]} a4 {[%emt 0:03:15]} 19. Bd5 Nf5 {[%emt 0:04:17]} 20. Rc7 {[%emt 0:14:36]} Nb6 {[%emt 0:03:36]} 21. Bc6 {[%emt 0:06:13]} Nxe3 {[%emt 0:03:22]} 22. Ndf3 {[%emt 0:02:16]} Nf5 {[%emt 0:05:33]} 23. b3 {[%emt 0:16:39]} axb3 {[%emt 0:01:45]} 24. axb3 {[%emt 0:00:06]} Bxd4+ {[%emt 0:06:35]} 25. Kf1 {[%emt 0:01:46]} b4 {[%emt 0:04:11]} 26. Be4 {[%emt 0:08:32]} Bc3 {[%emt 0:03:49]} 27. Ke2 {[%emt 0:04:06]} h6 {[%emt 0:03:22]} 28. Nh3 {[%emt 0:00:29]} e6 {[%emt 0:00:52]} 29. Nf4 {[%emt 0:01:24]} Nd4+ {[%emt 0:05:43]} 30. Nxd4 {[%emt 0:00:21]} Bxd4 {[%emt 0:00:02]} 31. Rb7 {[%emt 0:00:24]} Rc8 {[%emt 0:05:35]} 32. Nd3 {[%emt 0:00:50]} Rc2+ {[%emt 0:00:41]} 33. Kd1 {[%emt 0:00:21]} Rc3 {[%emt 0:00:28]} 34. Nc1 {[%emt 0:00:28]} Re3 {[%emt 0:01:18]} 35. Bc2 {[%emt 0:00:38]} Nd5 {[%emt 0:00:22]} 36. Rd7 {[%emt 0:00:35]} Bc3 {[%emt 0:00:32]} 37. Nd3 {[%emt 0:00:14]} Nf4 {[%emt 0:00:24]} 38. g3 {[%emt 0:00:35]} Nxd3 {[%emt 0:00:26]} 39. Bxd3 {[%emt 0:00:06]} Re1+ {[%emt 0:00:15]} 40. Kc2 {[%emt 0:00:04]} Rh1 {[%emt 0:00:14]} 41. h4 {[%emt 0:00:59]} Rh2+ {[%emt 0:00:05]} 42. Kc1 {[%emt 0:00:14]} Rg2 {[%emt 0:00:11]} 43. h5 {[%emt 0:01:01]} Rxg3 {[%emt 0:00:41]} 44. hxg6 {[%emt 0:00:28]} fxg6 {[%emt 0:00:01]} 45. Bc4 {[%emt 0:00:26]} Re3 {[%emt 0:00:39]} 46. Bd3 {[%emt 0:00:48]} g5 {[%emt 0:00:24]} 47. Bh7+ {[%emt 0:00:34]} Kf8 {[%emt 0:00:25]} 48. Bg6 {[%emt 0:00:25]} Bg7 {[%emt 0:01:09]} 49. Rf7+ {[%emt 0:00:32]} Kg8 {[%emt 0:00:08]} 50. Rb7 {[%emt 0:00:18]} Rxb3 {[%emt 0:01:00]} 51. Bf7+ {[%emt 0:00:40]} Kf8 52. Bxe6 Rc3+ {[%emt 0:01:35]} 53. Kd2 {[%emt 0:01:00]} Rf3 {[%emt 0:00:49]} 54. Rxb4 {[%emt 0:00:25]} Bc3+ {[%emt 0:00:15]} 55. Ke2 {[%emt 0:00:08]} Bxb4 {[%emt 0:00:22]} 56. Kxf3 {[%emt 0:00:05]} h5 {[%emt 0:00:28]} 57. Kg3 {[%emt 0:00:22]} Ke7 {[%emt 0:00:12]} 58. Bd5 {[%emt 0:00:39]} Kf6 {[%emt 0:00:06]} 59. Bf3 {[%emt 0:00:11]} Kg6 {[%emt 0:00:40]} 60. Be2 {[%emt 0:00:33]} Be1+ {[%emt 0:00:20]} 61. Kh3 {[%emt 0:00:28]} Kh6 {[%emt 0:00:50]} 62. Bf3 {[%emt 0:00:12]} 1/2-1/2

[Event "ESP-chT Primera Division 2019"]
[Site "Linares"]
[Date "2019.08.27"]
[Round "2.1"]
[White "Espinosa Aranda, Angel"]
[Black "Kokarev, Dmitry"]
[Result "1/2-1/2"]
[WhiteElo "2497"]
[BlackElo "2598"]
[Annotator "ChessBase"]
[PlyCount "41"]
[EventDate "2019.08.26"]
[EventType "team-tourn"]
[EventCountry "ESP"]
[SourceTitle "playchess.com"]
[Source "ChessBase"]
[SourceQuality "1"]
[TimeControl "5400+30"]

1. d4 {[%emt 0:00:00]} Nf6 {[%emt 0:00:00]} 2. c4 {[%emt 0:00:00]} g6 {[%emt 0:00:00]} 3. Nc3 {[%emt 0:00:24]} Bg7 {[%emt 0:00:01]} 4. e4 {[%emt 0:00:20]} d6 {[%emt 0:00:08]} 5. Nf3 {[%emt 0:00:37]} O-O {[%emt 0:00:13]} 6. Be2 {[%emt 0:00:08]} c6 {[%emt 0:01:18]} 7. O-O {[%emt 0:00:07]} e5 {[%emt 0:00:11]} 8. dxe5 {[%emt 0:05:17]} dxe5 {[%emt 0:00:18]} 9. Nxe5 {[%emt 0:00:24]} Nxe4 {[%emt 0:00:24]} 10. Nxe4 {[%emt 0:00:24]} Bxe5 {[%emt 0:00:17]} 11. Bg5 {[%emt 0:00:31]} Qxd1 {[%emt 0:00:15]} 12. Rfxd1 {[%emt 0:00:04]} Nd7 {[%emt 0:01:57]} 13. Nd6 {[%emt 0:02:04]} Nf6 {[%emt 0:02:37]} 14. Bf3 {[%emt 0:01:06]} Kg7 {[%emt 0:09:51]} 15. Rd2 {[%emt 0:08:17]} a5 {[%emt 0:08:05]} 16. Re1 {[%emt 0:07:29]} Bxd6 {[%emt 0:00:13]} 17. Rxd6 {[%emt 0:02:28]} Be6 {[%emt 0:00:10]} 18. Bd2 {[%emt 0:08:52]} Kg8 {[%emt 0:04:36]} 19. Bg5 {[%emt 0:08:51]} Kg7 {[%emt 0:03:25]} 20. Bd2 {[%emt 0:00:08]} Kg8 {[%emt 0:00:08]} 21. Bg5 {[%emt 0:00:10]} 1/2-1/2